|
|
|
|
| LEADER |
01981nam a22003615a 4500 |
| 001 |
7055 |
| 003 |
BD-DhAAL |
| 005 |
20250922153552.0 |
| 008 |
151017s1996 ohub 000 0 eng |
| 010 |
|
|
|a 96675147
|
| 020 |
|
|
|a 0028214854
|
| 020 |
|
|
|a 0028237277
|
| 040 |
|
|
|a DLC
|c DLC
|d BD-DhAAL
|
| 082 |
|
|
|a 910.712
|2 21
|
| 100 |
|
|
|a Boehm, Richard G.
|9 17346
|
| 245 |
0 |
0 |
|a Geography :
|b the world and its people.
|n volume 1 /
|c National Geographic Society (U.S.) ; Richard G. Boehm, David G. Armstrong and Francis P. Hunkins.
|
| 260 |
|
|
|a Westerville, Ohio :
|a New York :
|b Glencoe/McGraw Hill,
|c c2000.
|
| 300 |
|
|
|a 1 atlas (3 v. loose-leaf) :
|b color maps, transparencies ;
|c 28 cm.
|
| 362 |
|
|
|a Vol. 1
|
| 541 |
|
|
|a Donation from the Asia Foundation/ Savar Campus Library
|e 42682, 42683
|
| 650 |
|
|
|a Geography
|x Study and teaching (Elementary).
|9 15471
|
| 650 |
|
|
|a Geography.
|
| 700 |
|
|
|a Boehm, Richard G.
|9 17346
|
| 700 |
|
|
|a Armstrong, David G.
|9 38445
|
| 700 |
|
|
|a Hunkins, Francis P.
|9 56541
|
| 710 |
|
|
|a National Geographic Society (U.S.).
|
| 852 |
|
|
|a Ayesha Abed Library
|
| 942 |
|
|
|2 ddc
|c BK
|
| 999 |
|
|
|c 35805
|d 35805
|
| 952 |
|
|
|0 0
|1 0
|2 ddc
|4 0
|6 910_712000000000000_BOE
|7 0
|9 56325
|a SCL
|b SCL
|c GEN
|d 2015-10-17
|e Gift: The Asia Foundation
|l 0
|o 910.712 BOE
|p 3020007055
|r 2015-10-17
|t 1
|w 2015-10-17
|y BK
|
| 952 |
|
|
|0 0
|1 0
|2 ddc
|4 0
|6 910_712000000000000_BOE
|7 0
|9 56329
|a SCL
|b SCL
|c GEN
|d 2015-10-17
|e Gift: The Asia Foundation
|l 0
|o 910.712 BOE
|p 3020007054
|r 2015-10-17
|t 2
|w 2015-10-17
|y BK
|
| 952 |
|
|
|0 0
|1 0
|2 ddc
|4 0
|6 910_712000000000000_BOE
|7 0
|9 75634
|a SCL
|b SCL
|c GEN
|d 2024-06-11
|e Donation from the Asia Foundation/ Savar Campus
|l 0
|o 910.712 BOE
|p 3020042682
|r 2024-06-11
|t 3
|w 2024-06-11
|y BK
|x Donation from the Asia Foundation/ Savar Campus
|
| 952 |
|
|
|0 0
|1 0
|2 ddc
|4 0
|6 910_712000000000000_BOE
|7 0
|9 75635
|a SCL
|b SCL
|c GEN
|d 2024-06-11
|e Donation from the Asia Foundation/ Savar Campus
|l 0
|o 910.712 BOE
|p 3020042683
|r 2024-06-11
|t 4
|w 2024-06-11
|y BK
|x Donation from the Asia Foundation/ Savar Campus
|